[Event "16. Copenhagen Open"]
[Site "Copenhagen"]
[Date "1994.??.??"]
[Round "4"]
[White "Bjerring, Kai"]
[Black "Nordenbaek, Jan"]
[Result "0-1"]
[WhiteElo "2345"]
[BlackElo "2160"]
[PlyCount "154"]
[EventDate "1994.??.??"]
[EventType "swiss"]
[EventRounds "10"]
[EventCountry "DEN"]
[SourceDate "2004.01.01"]

1. e4 e5 2. Nf3 Nc6 3. Bc4 Nf6 4. d3 Bc5 5. c3 Bb6 6. Bg5 h6 7. Bh4 g5 8. Bg3
d6 9. Nbd2 Be6 10. b4 Qe7 11. Qb3 Nh5 12. Bxe6 fxe6 13. Nc4 O-O 14. Ne3 a5 15.
b5 Nd8 16. d4 a4 17. Qc4 Nf4 18. h4 Nxg2+ 19. Nxg2 Rxf3 20. hxg5 Rxc3 21. Qxc3
Ba5 22. Qxa5 Rxa5 23. gxh6 Kh7 24. Bh4 Qe8 25. dxe5 Qg6 26. Kf1 Nf7 27. exd6
Qxe4 28. dxc7 Qc4+ 29. Kg1 Qxc7 30. Bg3 Qc3 31. Rd1 Rxb5 32. Rh4 Rd5 33. Rb1
Qf3 34. Re1 e5 35. Rxa4 Ng5 36. Nh4 Qc3 37. Rb1 b5 38. Ra7+ Kxh6 39. Nf5+ Kh5
40. Ne3 Rd3 41. Rg7 Rxe3 42. Rxg5+ Kxg5 43. fxe3 Qxe3+ 44. Bf2 Qd3 45. Rb3 Qc4
46. Be3+ Kf5 47. Kf2 Ke4 48. Bd2 Qc2 49. Ke2 Qxa2 50. Rb4+ Kf5 51. Kd3 Qd5+ 52.
Kc2 e4 53. Rb3 Qc4+ 54. Kb2 Ke5 55. Bc3+ Kd5 56. Bd2 Ke5 57. Bc3+ Kf5 58. Bd2
Qd4+ 59. Kc2 Kg4 60. Re3 Kf5 61. Rb3 Ke6 62. Rc3 Kd5 63. Rb3 Qc4+ 64. Kb2 Qe2
65. Kc2 Qf1 66. Be3 Kc6 67. Rc3+ Kb7 68. Bd2 Qf5 69. Kb2 Qe5 70. Kc2 Qd5 71.
Rb3 Kb6 72. Be3+ Ka5 73. Kb2 b4 74. Bc1 Ka4 75. Re3 Qd4+ 76. Kc2 Qc4+ 77. Kb2
b3 0-1

[Event "16. Copenhagen Open"]
[Site "Copenhagen"]
[Date "1994.??.??"]
[Round "4"]
[White "Bogdanovich, Grigory"]
[Black "Schandorff, Lars"]
[Result "0-1"]
[WhiteElo "2385"]
[BlackElo "2430"]
[PlyCount "96"]
[EventDate "1994.??.??"]
[EventType "swiss"]
[EventRounds "10"]
[EventCountry "DEN"]
[SourceDate "2004.01.01"]

1. d4 d5 2. Nf3 Nf6 3. e3 c6 4. Nbd2 Bf5 5. h3 h6 6. Bd3 e6 7. Bxf5 exf5 8. c4
Bd6 9. cxd5 cxd5 10. Ne5 Nc6 11. Nxc6 bxc6 12. Qc2 Qd7 13. Nb3 O-O 14. O-O Ne4
15. Bd2 Rac8 16. Rfc1 Rfe8 17. Qd3 Qe7 18. Rc2 Qh4 19. Be1 Qf6 20. f3 Ng5 21.
f4 Ne6 22. Rac1 g5 23. g3 gxf4 24. exf4 Kh8 25. Kh1 Qg6 26. Qf3 Nd8 27. Bf2 Re6
28. Rg1 h5 29. Nc1 Rc7 30. Nd3 f6 31. Re1 Re4 32. Be3 Rce7 33. Ree2 Qe8 34. Ne5
fxe5 35. fxe5 Bc7 36. Qxf5 Qf7 37. g4 Ne6 38. Rxc6 Qxf5 39. gxf5 Nxd4 40. Rh6+
Rh7 41. Bxd4 Rxe2 42. e6+ Be5 43. Bxe5+ Rxe5 44. Rf6 Kg8 45. Kg2 d4 46. Kf3 d3
47. Kf4 d2 48. e7 Rexe7 0-1

[Event "16. Copenhagen Open"]
[Site "Copenhagen"]
[Date "1994.??.??"]
[Round "4"]
[White "Brodsky, Michail"]
[Black "Pioch, Thomas"]
[Result "1/2-1/2"]
[WhiteElo "2500"]
[BlackElo "2165"]
[PlyCount "108"]
[EventDate "1994.??.??"]
[EventType "swiss"]
[EventRounds "10"]
[EventCountry "DEN"]
[SourceDate "2004.01.01"]

1. e4 e5 2. Nf3 Nc6 3. Bb5 a6 4. Ba4 Nf6 5. O-O Be7 6. Re1 b5 7. Bb3 d6 8. c3
O-O 9. d3 Na5 10. Bc2 c5 11. Nbd2 Nd7 12. Nf1 Bf6 13. Ne3 Nb6 14. d4 cxd4 15.
cxd4 Nc6 16. d5 Ne7 17. b3 g6 18. a4 Bg7 19. axb5 axb5 20. Rxa8 Nxa8 21. Bd3
Bd7 22. Qe2 Qb6 23. Nc2 Nc7 24. Be3 Qb7 25. Nd2 Re8 26. Ra1 Ra8 27. Rxa8+ Nxa8
28. Nb1 f5 29. f3 Nc7 30. Nc3 Nc8 31. Nb4 f4 32. Bf2 Bf6 33. Nc6 Ne7 34. Na7 b4
35. Ncb5 Nc8 36. Nxc8 Nxb5 37. Bxb5 Bxc8 38. Qc4 Bd8 39. Kf1 g5 40. Be1 Ba5 41.
h3 Kf7 42. Ke2 Ke7 43. Kd3 h6 44. Ba4 h5 45. Bb5 g4 46. hxg4 hxg4 47. fxg4 Bxg4
48. Bh4+ Kf8 49. Qc6 Qxc6 50. dxc6 f3 51. gxf3 Bxf3 52. Bc4 Bg2 53. Be6 Bf1+
54. Ke3 Bb5 1/2-1/2

[Event "16. Copenhagen Open"]
[Site "Copenhagen"]
[Date "1994.??.??"]
[Round "4"]
[White "Backlund, Anders"]
[Black "Andersen, Ole Bo"]
[Result "1-0"]
[WhiteElo "2130"]
[BlackElo "2225"]
[PlyCount "89"]
[EventDate "1994.??.??"]
[EventType "swiss"]
[EventRounds "10"]
[EventCountry "DEN"]
[SourceDate "2004.01.01"]

1. e4 c5 2. Nf3 Nc6 3. d4 cxd4 4. Nxd4 Nf6 5. Nc3 e5 6. Ndb5 d6 7. Bg5 a6 8.
Na3 b5 9. Nd5 Be7 10. Bxf6 Bxf6 11. c3 Ne7 12. Nc2 Bb7 13. Nce3 Bg5 14. Nxe7
Bxe7 15. Nd5 O-O 16. Be2 Bg5 17. O-O Rc8 18. a4 bxa4 19. Rxa4 a5 20. b4 axb4
21. cxb4 Kh8 22. Qb3 g6 23. Ra7 Rb8 24. b5 f5 25. exf5 gxf5 26. Kh1 Rf7 27. Ra3
Rg7 28. f3 Bh4 29. Bc4 Qg5 30. Ra2 f4 31. Nb4 Qh6 32. Be6 e4 33. Nc6 Re8 34.
Bg4 Bg3 35. h3 e3 36. Qc4 Qg6 37. Nd4 Qf7 38. Qxf7 Rxf7 39. Bh5 Rff8 40. Bxe8
Rxe8 41. Rc1 Bh4 42. Ne2 Bg5 43. Ra7 Bd5 44. b6 Rb8 45. b7 1-0

[Event "16. Copenhagen Open"]
[Site "Copenhagen"]
[Date "1994.??.??"]
[Round "4"]
[White "Christensen, Bo Garner"]
[Black "Sylvan, Jacob"]
[Result "1-0"]
[WhiteElo "2225"]
[BlackElo "2185"]
[PlyCount "117"]
[EventDate "1994.??.??"]
[EventType "swiss"]
[EventRounds "10"]
[EventCountry "DEN"]
[SourceDate "2004.01.01"]

1. d4 d5 2. Nf3 c6 3. c4 e6 4. Nc3 Nf6 5. Bg5 dxc4 6. e4 b5 7. e5 h6 8. Bh4 g5
9. Nxg5 hxg5 10. Bxg5 Nbd7 11. exf6 Bb7 12. g3 Qb6 13. Bg2 O-O-O 14. O-O Ne5
15. Be3 c5 16. dxe5 Rxd1 17. Raxd1 b4 18. Ne4 Bd5 19. Rd2 Qc6 20. f3 Bxe4 21.
fxe4 Bh6 22. Bxh6 Rxh6 23. Rfd1 Rh8 24. Rd6 Qa4 25. g4 Qxa2 26. g5 Qb3 27. g6
Qe3+ 28. Kh1 Qh6 29. h3 Qxg6 30. Rc6+ Kb7 31. Rxc5 Rg8 32. Rg1 Kb6 33. Rxc4 a5
34. Rc2 Qg3 35. Rgc1 Qxe5 36. Rc6+ Kb7 37. R6c5 Qg3 38. R5c2 Kb6 39. e5 Rg5 40.
b3 Qxb3 41. Rc6+ Kb5 42. R6c5+ Ka4 43. Ra1+ Qa3 44. Rxa3+ bxa3 45. Bc6+ Kb4 46.
Rb5+ Kc3 47. Rxa5 Kb2 48. Be8 a2 49. Bxf7 Rxe5 50. Rxa2+ Kxa2 51. Bg6 Rc5 52.
f7 Rc8 53. Kg2 Kb2 54. Kf3 Kc3 55. Ke4 Kd2 56. h4 Ke2 57. h5 Kf2 58. h6 Kg3 59.
Bh7 1-0

[Event "16. Copenhagen Open"]
[Site "Copenhagen"]
[Date "1994.??.??"]
[Round "4"]
[White "Costello, Colin"]
[Black "Holstein, Erik"]
[Result "0-1"]
[WhiteElo "2160"]
[BlackElo "2130"]
[PlyCount "82"]
[EventDate "1994.??.??"]
[EventType "swiss"]
[EventRounds "10"]
[EventCountry "DEN"]
[SourceDate "2004.01.01"]

1. c4 f5 2. Nc3 Nf6 3. Nf3 g6 4. g3 Bg7 5. Bg2 d6 6. O-O O-O 7. d3 e5 8. Rb1 h6
9. b4 Nc6 10. b5 Ne7 11. a4 g5 12. Qb3 Kh7 13. a5 Rb8 14. Nd2 Be6 15. Nd5 Nexd5
16. cxd5 Bf7 17. Ba3 b6 18. a6 Qd7 19. Rfc1 Rbc8 20. Rc2 g4 21. Bb2 h5 22. Qc4
Bh6 23. Bc1 Qe7 24. Nf1 Bg6 25. Bxh6 Kxh6 26. Rbc1 Nd7 27. Qb4 Nc5 28. d4 exd4
29. Qxd4 f4 30. Rb2 Qg5 31. Rc4 fxg3 32. hxg3 Rf7 33. Nd2 Rcf8 34. f4 gxf3 35.
Nxf3 Qxg3 36. Qe3+ Kg7 37. Qd4+ Kg8 38. Rc1 Rf4 39. Qe3 h4 40. Kh1 h3 41. Bf1
Ne4 0-1

[Event "16. Copenhagen Open"]
[Site "Copenhagen"]
[Date "1994.??.??"]
[Round "4"]
[White "Danielsen, Henrik"]
[Black "Molvig, Henrik"]
[Result "1-0"]
[WhiteElo "2480"]
[BlackElo "2240"]
[PlyCount "55"]
[EventDate "1994.??.??"]
[EventType "swiss"]
[EventRounds "10"]
[EventCountry "DEN"]
[SourceDate "2004.01.01"]

1. d4 Nf6 2. Nf3 g6 3. Bg5 Bg7 4. Nbd2 O-O 5. c3 d6 6. e4 c5 7. dxc5 dxc5 8.
Bc4 Nc6 9. O-O Na5 10. Be2 Be6 11. Re1 h6 12. Bh4 a6 13. Bf1 b5 14. Qc2 Nc6 15.
Rad1 Qb6 16. a3 g5 17. Bg3 Nh5 18. Be2 Nxg3 19. hxg3 Bg4 20. e5 c4 21. Nxg5
hxg5 22. Bxg4 Nxe5 23. Be2 f5 24. Nf3 Ng4 25. Bf1 f4 26. gxf4 Rxf4 27. Rxe7 Nf6
28. Qg6 1-0

[Event "16. Copenhagen Open"]
[Site "Copenhagen"]
[Date "1994.??.??"]
[Round "4"]
[White "Fries Nielsen, Jens Ove"]
[Black "Jensen, Henrik W"]
[Result "1-0"]
[WhiteElo "2395"]
[BlackElo "2070"]
[PlyCount "55"]
[EventDate "1994.??.??"]
[EventType "swiss"]
[EventRounds "10"]
[EventCountry "DEN"]
[SourceDate "2004.01.01"]

1. e4 e5 2. Nf3 Nc6 3. Bc4 Bc5 4. b4 Bxb4 5. c3 Be7 6. d4 Na5 7. Nxe5 Nxc4 8.
Nxc4 d5 9. exd5 Qxd5 10. Ne3 Qa5 11. O-O Nf6 12. c4 O-O 13. Bb2 Qg5 14. Nd2 Ng4
15. Nd5 Bd6 16. Nf3 Qh5 17. h3 c6 18. Nc3 Nf6 19. Ne5 Qh4 20. Re1 Bf5 21. Qf3
Bg6 22. Nxg6 fxg6 23. Ne4 Nxe4 24. Rxe4 Qg5 25. Qe2 h5 26. Rd1 Rf4 27. Re6 Qd8
28. Rxg6 1-0

[Event "16. Copenhagen Open"]
[Site "Copenhagen"]
[Date "1994.??.??"]
[Round "4"]
[White "Gretarsson, Helgi Ass"]
[Black "Petersen, Nils"]
[Result "1/2-1/2"]
[WhiteElo "2390"]
[BlackElo "2005"]
[PlyCount "132"]
[EventDate "1994.??.??"]
[EventType "swiss"]
[EventRounds "10"]
[EventCountry "DEN"]
[SourceDate "2004.01.01"]

1. c4 e6 2. Nc3 d5 3. d4 Nf6 4. cxd5 exd5 5. Bg5 Be7 6. e3 c6 7. Bd3 Nbd7 8.
Qc2 O-O 9. Nf3 Re8 10. h3 Nf8 11. g4 Ne4 12. Bxe7 Qxe7 13. Bxe4 dxe4 14. Nd2 f5
15. gxf5 Bxf5 16. O-O-O Qe6 17. Qb3 Qxb3 18. axb3 Rad8 19. Rdg1 h6 20. Nf1 Rd6
21. Ng3 Bh7 22. Nh5 Rg6 23. Ne2 Ne6 24. Rxg6 Bxg6 25. Nhg3 Kh7 26. h4 h5 27.
Kd2 Rf8 28. Rf1 c5 29. d5 Rd8 30. Nc3 Nc7 31. Kc1 b6 32. Rd1 Rd6 33. Nge2 Bf5
34. Nf4 Kh6 35. Rg1 g6 36. Rg5 Rf6 37. Kd2 Ne8 38. Nb5 a6 39. Na3 Nd6 40. Nc4
Nxc4+ 41. bxc4 b5 42. cxb5 axb5 43. Kc3 Kh7 44. b4 c4 45. Kd4 Rf8 46. d6 Rd8
47. Kd5 c3 48. Ne2 c2 49. Rxf5 gxf5 50. Ke6 Kg7 51. Ke7 Rf8 52. d7 Rf7+ 53. Kd6
Rf8 54. Kc7 Kf6 55. d8=Q+ Rxd8 56. Kxd8 Ke5 57. Kc7 Kd5 58. Kb6 Kc4 59. Ka5 Kd3
60. Nc1+ Kc4 61. Na2 Kb3 62. Nc1+ Kc4 63. Na2 Kb3 64. Nc1+ Kc4 65. Ne2 Kd3 66.
Nc1+ Kc4 1/2-1/2

[Event "16. Copenhagen Open"]
[Site "Copenhagen"]
[Date "1994.??.??"]
[Round "4"]
[White "Hoi, Carsten"]
[Black "Hvenekilde, Jorgen"]
[Result "1-0"]
[WhiteElo "2425"]
[BlackElo "2320"]
[PlyCount "53"]
[EventDate "1994.??.??"]
[EventType "swiss"]
[EventRounds "10"]
[EventCountry "DEN"]
[SourceDate "2004.01.01"]

1. d4 Nf6 2. Nf3 g6 3. c4 Bg7 4. Nc3 O-O 5. e4 d6 6. h3 c6 7. Be2 e5 8. d5 cxd5
9. cxd5 Nbd7 10. Bg5 h6 11. Be3 Kh7 12. Nd2 Ne8 13. g4 Nc5 14. Qc2 Bf6 15. h4
Be7 16. O-O-O Bd7 17. Bxc5 dxc5 18. Nc4 Bxh4 19. Nxe5 Bg5+ 20. Kb1 Nc7 21. Rdf1
Bf4 22. Nd3 Qg5 23. e5 Bxe5 24. f4 Bxf4 25. Nxf4 Rae8 26. Ne4 Qe5 27. Nxc5 1-0

[Event "16. Copenhagen Open"]
[Site "Copenhagen"]
[Date "1994.??.??"]
[Round "4"]
[White "Jiretorn, Eva"]
[Black "Gasseholm, Finn"]
[Result "0-1"]
[WhiteElo "2230"]
[BlackElo "2140"]
[PlyCount "142"]
[EventDate "1994.??.??"]
[EventType "swiss"]
[EventRounds "10"]
[EventCountry "DEN"]
[SourceDate "2004.01.01"]

1. d4 Nf6 2. c4 g6 3. Nc3 d5 4. g3 Bg7 5. Bg2 c6 6. Nf3 O-O 7. b3 dxc4 8. bxc4
c5 9. O-O cxd4 10. Nxd4 Qa5 11. Qb3 Na6 12. Ba3 Nc5 13. Qb4 Qxb4 14. Bxb4 Ne6
15. Nb3 Re8 16. Rab1 Ng4 17. Nd5 Bf8 18. Nc5 Rb8 19. Ne4 Bd7 20. h3 Ne5 21. Bc3
Bg7 22. Bb4 Nc6 23. Bxe7 Rxe7 24. Nef6+ Bxf6 25. Nxf6+ Kg7 26. Nxd7 Rd8 27.
Rxb7 Na5 28. Nc5 Nxb7 29. Nxb7 Rd2 30. a4 Rc2 31. Na5 Rxe2 32. Nc6 Rd7 33. Bd5
Nc5 34. a5 Ra2 35. Rb1 Nd3 36. Rf1 Kf6 37. f4 Rc2 38. g4 Rc7 39. g5+ Kg7 40.
Be4 Rxc4 41. Bxd3 R4xc6 42. Rf2 Rc3 43. Bf1 h6 44. h4 hxg5 45. hxg5 f6 46.
gxf6+ Kxf6 47. a6 Kf5 48. Kg2 Rd7 49. Rf3 Rd2+ 50. Kg3 Rxf3+ 51. Kxf3 Rd4 52.
Bh3+ Kf6 53. Ke3 Rc4 54. Bf1 Ra4 55. Bb5 Rb4 56. Bd3 Ra4 57. Bb5 Ra3+ 58. Ke4
Ke6 59. Bc4+ Kd6 60. Kd4 Rf3 61. Ke4 Ra3 62. Be2 Ra2 63. Bb5 Ra1 64. Kf3 Kd5
65. Kg4 Rg1+ 66. Kf3 Ra1 67. Be2 Kd4 68. Bb5 Ra3+ 69. Kg4 Ra5 70. Be2 Ke3 71.
Bc4 Ra4 0-1

[Event "16. Copenhagen Open"]
[Site "Copenhagen"]
[Date "1994.??.??"]
[Round "4"]
[White "Lyrberg, Patrik"]
[Black "Furhoff, Johan"]
[Result "1-0"]
[WhiteElo "2415"]
[BlackElo "2320"]
[PlyCount "97"]
[EventDate "1994.??.??"]
[EventType "swiss"]
[EventRounds "10"]
[EventCountry "DEN"]
[SourceDate "2004.01.01"]

1. e4 e5 2. Nf3 Nc6 3. Bb5 a6 4. Bxc6 dxc6 5. O-O Bg4 6. d3 Qf6 7. Nbd2 Ne7 8.
h3 h5 9. Nc4 Bxf3 10. Qxf3 Qxf3 11. gxf3 Ng6 12. Kh2 f6 13. Be3 Nh4 14. f4 exf4
15. Bxf4 O-O-O 16. a4 Be7 17. a5 f5 18. f3 g5 19. Bg3 g4 20. Bxh4 Bxh4 21. Ne5
Rdg8 22. exf5 Bf6 23. Rae1 Bxe5+ 24. Rxe5 g3+ 25. Kg2 h4 26. Rfe1 Rf8 27. R1e4
Rh5 28. b4 Rf6 29. c4 b6 30. Re8+ Kd7 31. c5 bxc5 32. bxc5 Rf7 33. R8e5 Kd8 34.
d4 Kd7 35. Rf4 Rf6 36. Ree4 Rfxf5 37. Rxf5 Rxf5 38. Rxh4 Rf8 39. Rh7+ Ke6 40.
Rxc7 Kd5 41. Kxg3 Rg8+ 42. Kf4 Rh8 43. Rd7+ Kc4 44. Ke5 Rxh3 45. f4 Re3+ 46.
Kd6 Kxd4 47. Kxc6+ Kc4 48. Rd1 Re6+ 49. Kd7 1-0

[Event "16. Copenhagen Open"]
[Site "Copenhagen"]
[Date "1994.??.??"]
[Round "4"]
[White "Maksimenko, Andrei"]
[Black "Jakobsen, Ole"]
[Result "1/2-1/2"]
[WhiteElo "2475"]
[BlackElo "2375"]
[PlyCount "51"]
[EventDate "1994.??.??"]
[EventType "swiss"]
[EventRounds "10"]
[EventCountry "DEN"]
[SourceDate "2004.01.01"]

1. d4 Nf6 2. c4 e6 3. Nf3 d5 4. Nc3 Nbd7 5. Qc2 Be7 6. Bf4 c6 7. e3 O-O 8. h3
a6 9. cxd5 Nxd5 10. Nxd5 exd5 11. Bd3 Nf6 12. O-O h6 13. a3 a5 14. Rab1 a4 15.
Nd2 Re8 16. Rbc1 Be6 17. Nb1 Qa5 18. Nc3 Rec8 19. Rfe1 Bf8 20. Qd1 b5 21. Ra1
Qd8 22. Qe2 Ne8 23. Rec1 Nd6 24. Rc2 Nc4 25. Rd1 Ra7 26. Qf3 1/2-1/2

[Event "16. Copenhagen Open"]
[Site "Copenhagen"]
[Date "1994.??.??"]
[Round "4"]
[White "Mortensen, Henrik"]
[Black "Hyldkrog, Lars"]
[Result "1/2-1/2"]
[WhiteElo "2150"]
[BlackElo "2090"]
[PlyCount "70"]
[EventDate "1994.??.??"]
[EventType "swiss"]
[EventRounds "10"]
[EventCountry "DEN"]
[SourceDate "2004.01.01"]

1. e4 e6 2. d4 d5 3. Nd2 Nf6 4. e5 Nfd7 5. f4 c5 6. Ngf3 cxd4 7. Nb3 Nc6 8.
Nbxd4 Qb6 9. c3 a5 10. a4 Bc5 11. Bb5 O-O 12. O-O f6 13. exf6 Nxf6 14. Kh1 Ne4
15. Be3 Bd7 16. Qe2 Qc7 17. g3 Rf6 18. Bd3 Nd6 19. Ng5 h6 20. Ngf3 b6 21. Bc2
Be8 22. Nh4 Ne7 23. g4 Ng6 24. Nxg6 Bxg6 25. g5 hxg5 26. fxg5 Rxf1+ 27. Rxf1
Bxc2 28. Qxc2 Qe7 29. Qg2 Ne4 30. g6 Rf8 31. Rxf8+ Kxf8 32. Qf3+ Ke8 33. Nc6
Qc7 34. Nd4 Qe7 35. Nc6 Qc7 1/2-1/2

[Event "16. Copenhagen Open"]
[Site "Copenhagen"]
[Date "1994.??.??"]
[Round "4"]
[White "Nielsen, Lars Aaes"]
[Black "Mortensen, Beatrix"]
[Result "1-0"]
[WhiteElo "2220"]
[BlackElo "2100"]
[PlyCount "69"]
[EventDate "1994.??.??"]
[EventType "swiss"]
[EventRounds "10"]
[EventCountry "DEN"]
[SourceDate "2004.01.01"]

1. e4 c5 2. c3 d5 3. exd5 Qxd5 4. d4 e6 5. Na3 Nf6 6. Nf3 Be7 7. Be3 cxd4 8.
Nb5 Qd8 9. Qxd4 Nbd7 10. Qc4 Nd5 11. Bxa7 b6 12. Qc6 Ba6 13. Ne5 Bxb5 14. Bxb5
Rxa7 15. Nxd7 Rxd7 16. Rd1 Nf6 17. Rxd7 Nxd7 18. Ke2 Bf6 19. Rd1 O-O 20. Rxd7
Qb8 21. g3 Qe5+ 22. Kf1 Qf5 23. Bd3 Qa5 24. a4 g6 25. Bb5 h5 26. Rb7 Bd8 27.
Qd7 Qa8 28. Bc4 Qa5 29. Bxe6 Qa6+ 30. c4 Qxb7 31. Qxb7 fxe6 32. b4 Re8 33. c5
bxc5 34. bxc5 Kf8 35. Qh7 1-0

[Event "16. Copenhagen Open"]
[Site "Copenhagen"]
[Date "1994.??.??"]
[Round "4"]
[White "Nielsen, Soren Holst"]
[Black "Preuss, Flemming"]
[Result "1-0"]
[WhiteElo "2225"]
[BlackElo "2020"]
[PlyCount "103"]
[EventDate "1994.??.??"]
[EventType "swiss"]
[EventRounds "10"]
[EventCountry "DEN"]
[SourceDate "2004.01.01"]

1. e4 c5 2. Nf3 Nc6 3. g3 d6 4. Bg2 Nf6 5. d3 g6 6. O-O Bg7 7. Re1 Bg4 8. Nbd2
Qd7 9. c3 O-O 10. Qc2 Nh5 11. Nf1 f5 12. Qb3+ Kh8 13. Ng5 fxe4 14. dxe4 c4 15.
Qxc4 Ne5 16. Qd5 e6 17. Qd2 Bh6 18. Qc2 Kg7 19. h4 Bxg5 20. hxg5 Bh3 21. Nh2
Bxg2 22. Kxg2 Rf7 23. b3 Raf8 24. Be3 b6 25. Rad1 Kg8 26. c4 Qc6 27. Rd2 Ng7
28. Kg1 Nf3+ 29. Nxf3 Rxf3 30. Red1 Ne8 31. Bf4 e5 32. Kg2 R3xf4 33. gxf4 Rxf4
34. f3 Qd7 35. Rg1 Qe7 36. Kf2 h6 37. Qd3 h5 38. Qd5+ Kf8 39. b4 Rh4 40. Rg2
Rf4 41. c5 bxc5 42. bxc5 dxc5 43. Rg1 Rf7 44. Qc6 Kg7 45. Rd5 Qf8 46. Rd7 Kh8
47. Rxf7 Qxf7 48. Rd1 Qxa2+ 49. Kg1 Ng7 50. Qxg6 Qa5 51. Qh6+ Kg8 52. g6 1-0

[Event "16. Copenhagen Open"]
[Site "Copenhagen"]
[Date "1994.??.??"]
[Round "4"]
[White "Nilsson, Nils Specht"]
[Black "Hansen, Henrik Michael"]
[Result "0-1"]
[WhiteElo "2260"]
[BlackElo "2060"]
[PlyCount "78"]
[EventDate "1994.??.??"]
[EventType "swiss"]
[EventRounds "10"]
[EventCountry "DEN"]
[SourceDate "2004.01.01"]

1. c4 f5 2. Nc3 Nf6 3. h3 d6 4. d4 g6 5. g4 fxg4 6. hxg4 Bxg4 7. f3 Bd7 8. e4
e5 9. d5 Nh5 10. Nce2 Bg7 11. Be3 O-O 12. Qd2 Qf6 13. Bg5 Qf7 14. O-O-O a5 15.
Bh3 Bxh3 16. Rxh3 Na6 17. Rxh5 gxh5 18. Ng3 Qg6 19. N1e2 Rxf3 20. Nf5 Rxf5 21.
exf5 Qxf5 22. Rg1 Kh8 23. Qxa5 Qd3 24. Ng3 Qxc4+ 25. Kb1 Qd3+ 26. Ka1 Rf8 27.
Qe1 Nc5 28. Qd1 e4 29. Qxd3 exd3 30. Kb1 h6 31. Bc1 Rf2 32. Nxh5 Be5 33. Bxh6
Rxb2+ 34. Kc1 Rxa2 35. Bg7+ Bxg7 36. Rxg7 Nb3+ 37. Kb1 Ra1+ 38. Kb2 d2 39. Rxc7
d1=Q 0-1

[Event "16. Copenhagen Open"]
[Site "Copenhagen"]
[Date "1994.??.??"]
[Round "4"]
[White "Pedersen, Bjarne"]
[Black "Sorensen, Henrik"]
[Result "1/2-1/2"]
[WhiteElo "2250"]
[BlackElo "2245"]
[PlyCount "39"]
[EventDate "1994.??.??"]
[EventType "swiss"]
[EventRounds "10"]
[EventCountry "DEN"]
[SourceDate "2004.01.01"]

1. d4 Nf6 2. c4 a6 3. f3 c5 4. d5 e5 5. Nc3 d6 6. e4 Be7 7. Bd3 Nh5 8. Nge2 g6
9. O-O O-O 10. a3 Bg5 11. Rb1 f5 12. exf5 Bxc1 13. Qxc1 gxf5 14. Qh6 Ng7 15.
Ng3 Rf6 16. Qg5 Qf8 17. b4 Rg6 18. Qd2 Nd7 19. Qc2 Rf6 20. Na4 1/2-1/2

[Event "16. Copenhagen Open"]
[Site "Copenhagen"]
[Date "1994.??.??"]
[Round "4"]
[White "Roder, Peter"]
[Black "Schreiber, Edwin"]
[Result "1-0"]
[WhiteElo "2205"]
[BlackElo "2025"]
[PlyCount "53"]
[EventDate "1994.??.??"]
[EventType "swiss"]
[EventRounds "10"]
[EventCountry "DEN"]
[SourceDate "2004.01.01"]

1. d4 Nf6 2. c4 e6 3. Nc3 Bb4 4. Bg5 h6 5. Bh4 c5 6. e3 Qa5 7. Qb3 Ne4 8. Rc1
cxd4 9. exd4 Nc6 10. Nf3 g5 11. Bd3 f5 12. d5 Bxc3+ 13. bxc3 Nc5 14. Qc2 Nxd3+
15. Qxd3 Nd8 16. Bg3 f4 17. Qg6+ Nf7 18. Ne5 Rf8 19. O-O Qc5 20. Kh1 Qe7 21. h3
fxg3 22. fxg3 d6 23. Nxf7 Rxf7 24. Rf2 Kf8 25. Rcf1 Rf5 26. g4 Rf4 27. Rxf4+
1-0

[Event "16. Copenhagen Open"]
[Site "Copenhagen"]
[Date "1994.??.??"]
[Round "4"]
[White "Sinkbk, Aage"]
[Black "Petersen, Steen"]
[Result "1/2-1/2"]
[WhiteElo "2220"]
[BlackElo "2085"]
[PlyCount "55"]
[EventDate "1994.??.??"]
[EventType "swiss"]
[EventRounds "10"]
[EventCountry "DEN"]
[SourceDate "2004.01.01"]

1. d4 d5 2. Nf3 c6 3. g3 Nf6 4. Bg2 e6 5. O-O Be7 6. b3 O-O 7. Bb2 b6 8. Nbd2
Bb7 9. c4 Nbd7 10. Qc2 Rc8 11. Ne5 c5 12. Nxd7 Qxd7 13. Qd3 dxc4 14. Nxc4 Bxg2
15. Kxg2 Rfd8 16. Rfd1 cxd4 17. Bxd4 Bc5 18. Bxc5 Qxd3 19. Rxd3 Rxd3 20. exd3
Rxc5 21. Rd1 Nd5 22. Rd2 Kf8 23. d4 Rc7 24. Ne3 Nxe3+ 25. fxe3 Ke7 26. Kf3 Kd6
27. Ke4 Rc1 28. Kd3 1/2-1/2

[Event "16. Copenhagen Open"]
[Site "Copenhagen"]
[Date "1994.??.??"]
[Round "4"]
[White "Steinbacher, Matthias"]
[Black "Pilgaard, Kim"]
[Result "1/2-1/2"]
[WhiteElo "2390"]
[BlackElo "2280"]
[PlyCount "139"]
[EventDate "1994.??.??"]
[EventType "swiss"]
[EventRounds "10"]
[EventCountry "DEN"]
[SourceDate "2004.01.01"]

1. d4 Nf6 2. c4 e6 3. a3 c5 4. Nf3 cxd4 5. Nxd4 Be7 6. Nc3 d5 7. Bg5 O-O 8.
cxd5 Nxd5 9. Bxe7 Nxe7 10. g3 Qb6 11. Na4 Qa5+ 12. b4 Qd5 13. Nf3 b6 14. Bg2
Bb7 15. O-O Nbc6 16. Nc3 Qc4 17. Qc2 Rac8 18. Rac1 Nd4 19. Nxd4 Bxg2 20. Kxg2
Qxd4 21. Rfd1 Qc4 22. Qa4 Nc6 23. e3 Ne5 24. Qb5 Qc7 25. Ne4 Nc4 26. Kg1 Qb7
27. Rxc4 a6 28. Nf6+ gxf6 29. Rg4+ Kh8 30. Qd3 Rg8 31. Rh4 Rg6 32. Rc4 Rxc4 33.
Qxc4 Rg8 34. Qd4 Kg7 35. Qg4+ Kh8 36. Qf4 Kg7 37. e4 Rc8 38. e5 fxe5 39. Qg5+
Kf8 40. Qh6+ Kg8 41. Qg5+ Kf8 42. Qf6 Kg8 43. h4 Qe4 44. Qg5+ Kf8 45. Rd8+ Rxd8
46. Qxd8+ Kg7 47. Qxb6 Qe1+ 48. Kg2 Qe4+ 49. Kh2 Qd3 50. a4 e4 51. Qc5 Qe2 52.
Qd4+ Kg8 53. a5 f5 54. Qe3 Qb2 55. Qb6 Kf7 56. b5 e3 57. Qxe3 Qxb5 58. Qb6 Qf1
59. Qd4 Qb5 60. Qb6 Qf1 61. Qc5 Qe2 62. Kg2 Qe4+ 63. Kf1 Qd3+ 64. Ke1 h5 65.
Qe5 Ke7 66. Qc5+ Kf7 67. Qc7+ Kf6 68. Qc5 Qe4+ 69. Kf1 Qh1+ 70. Ke2 1/2-1/2

[Event "16. Copenhagen Open"]
[Site "Copenhagen"]
[Date "1994.??.??"]
[Round "4"]
[White "Stojanovski, Sandi"]
[Black "Fant, Goran"]
[Result "1-0"]
[WhiteElo "2260"]
[BlackElo "2010"]
[PlyCount "53"]
[EventDate "1994.??.??"]
[EventType "swiss"]
[EventRounds "10"]
[EventCountry "DEN"]
[SourceDate "2004.01.01"]

1. Nf3 Nf6 2. c4 e6 3. e3 b6 4. b3 Bb7 5. Bb2 Be7 6. Be2 O-O 7. O-O c5 8. Qc2
Nc6 9. a3 d5 10. cxd5 Qxd5 11. d3 Na5 12. Nbd2 Rfd8 13. Bc3 Bd6 14. e4 Qh5 15.
e5 Bc7 16. exf6 c4 17. Bxa5 bxa5 18. Qxc4 Bxh2+ 19. Nxh2 Qxe2 20. Qc7 Bd5 21.
Qg3 g6 22. Qf4 Kh8 23. Qh6 Rg8 24. Ndf3 g5 25. Rfe1 Qxd3 26. Ne5 Rg6 27. Qg7+
1-0

[Event "16. Copenhagen Open"]
[Site "Copenhagen"]
[Date "1994.??.??"]
[Round "4"]
[White "Stripunsky, Alexander"]
[Black "Borge, Nikolaj"]
[Result "0-1"]
[WhiteElo "2510"]
[BlackElo "2400"]
[PlyCount "64"]
[EventDate "1994.??.??"]
[EventType "swiss"]
[EventRounds "10"]
[EventCountry "DEN"]
[SourceDate "2004.01.01"]

1. e4 c5 2. Nf3 d6 3. d4 cxd4 4. Nxd4 Nf6 5. Nc3 g6 6. Be3 Bg7 7. f3 Nc6 8. Qd2
O-O 9. g4 e6 10. O-O-O d5 11. g5 Nh5 12. Rg1 Qa5 13. exd5 exd5 14. Qf2 Be6 15.
Nb3 Qd8 16. f4 a5 17. Nb5 a4 18. N3d4 Nxd4 19. Nxd4 a3 20. b3 Qc7 21. Be2 Qc3
22. Rd3 Qb2+ 23. Kd2 Rac8 24. Rc1 Qxa2 25. f5 Qb2 26. f6 a2 27. Qf1 Nxf6 28.
gxf6 Bxf6 29. Ra1 Rxc2+ 30. Nxc2 Rc8 31. Rc1 Bf5 32. Qd1 Qc3+ 0-1